Vysokoškolský domov, Bratislava-Slovany

Na minha lista:
Detalhes bibliográficos
Autor principal: Brinďáková, Ľubica, 1985- (Author)
Outros Autores: Mikušková, Dagmar, 1972- (Thesis advisor)
Formato: Manuscrito Livro
Idioma:eslovaco
Publicado em: Bratislava : STU v Bratislave FA, 2010
Assuntos:
Acesso em linha:VAIS
Tags: Adicionar Tag
Sem tags, seja o primeiro a adicionar uma tag!

MARC

LEADER 00000ntm a22000003a 4500
001 stu219433
005 20220224111209.5
008 101215s2010----xo------------------slo-d
040 |a STU  |b slo 
041 0 |a slo 
044 |a xo 
100 1 |a Brinďáková, Ľubica,  |d 1985-  |4 aut  |u A  |T FAD Fakulta architektúry  |X 15531  |U A  |Y 50  |7 A000015531 
242 0 0 |a Student housing, Bratislava-Slovany  |y eng 
245 1 |a Vysokoškolský domov, Bratislava-Slovany 
260 |a Bratislava :  |b STU v Bratislave FA,  |c 2010 
650 7 |a architektúra  |2 stusub 
650 7 |a architecture  |2 estusub 
650 7 |a projekt  |2 stusub 
650 7 |a železnica  |2 stusub 
650 7 |a analýzy  |2 stusub 
700 1 |a Mikušková, Dagmar,  |d 1972-  |4 ths  |u A1110  |U FAD Fakulta architektúry  |T FA Ústav architektúry obytných budov  |X 469  |U A1110  |Y 392  |7 A000000469 
856 4 |a info a plný text  |u http://is.stuba.sk/zp/portal_zp.pl?podrobnosti=62425  |u https://opac.crzp.sk/?fn=detailBiblioForm&sid=B3E4DED1CE64EF1DB1943CD78C74  |3 VAIS